[Event "ITA-chT 46th"]
[Site "Condino"]
[Date "2014.05.01"]
[Round "2.2"]
[White "Marinelli, Tullio"]
[Black "Rombaldoni, Denis"]
[Result "1/2-1/2"]
[WhiteElo "2367"]
[BlackElo "2485"]
[PlyCount "120"]
[EventDate "2014.04.30"]
[EventType "team-swiss"]
[EventRounds "7"]
[EventCountry "ITA"]
[SourceTitle "CBM 160 Extra"]
[Source "ChessBase"]
[SourceDate "2014.07.01"]
[SourceVersion "1"]
[SourceVersionDate "2014.07.01"]
[SourceQuality "1"]
[WhiteTeam "Latina"]
[BlackTeam "WorldtradingLab"]
[WhiteTeamCountry "ITA"]
[BlackTeamCountry "ITA"]

1. d4 d5 2. c4 Nc6 3. cxd5 Qxd5 4. e3 e5 5. Nc3 Bb4 6. Bd2 Bxc3 7. bxc3 Nf6 8. c4 Qd6 9. d5 Nb8 10. Rb1 Na6 11. Nf3 Ne4 12. Bd3 Nxd2 13. Nxd2 Nc5 14. Ne4 Nxd3+ 15. Qxd3 Qg6 16. g3 Bg4 17. Nc5 b6 18. Qxg6 hxg6 19. Nb3 0-0-0 20. Nd2 e4 21. f3 exf3 22. Kf2 c6 23. e4 f5 24. Nxf3 fxe4 25. Ne5 Bf3 26. Nxf3 Rhf8 27. Rhe1 Rxf3+ 28. Kg2 cxd5 29. cxd5 Rxd5 30. Rxe4 Rfd3 31. Rb2 Rd2+ 32. Re2 Rxb2 33. Rxb2 Kb7 34. Kf3 Ka6 35. Ke4 Rc5 36. Rf2 Rc7 37. Kd5 Kb5 38. Kd6 Rc6+ 39. Ke7 Rc7+ 40. Kd6 Rb7 41. Rf4 Ka5 42. Kc6 b5 43. h4 Re7 44. Kd6 Rb7 45. Kc6 Rb6+ 46. Kc5 a6 47. Rf7 Re6 48. Rxg7 Ka4 49. Kd5 Rb6 50. Rf7 Ka3 51. Rf2 b4 52. g4 a5 53. Rh2 a4 54. h5 gxh5 55. gxh5 b3 56. axb3 axb3 57. Ke5 Rc6 58. Kf5 Rc2 59. Rh3 Ka2 60. Rxb3 Kxb3 1/2-1/2

[Event "ITA-chT 46th"]
[Site "Condino"]
[Date "2014.05.01"]
[Round "3.1"]
[White "Marinelli, Tullio"]
[Black "Valsecchi, Alessio"]
[Result "0-1"]
[WhiteElo "2367"]
[BlackElo "2407"]
[PlyCount "80"]
[EventDate "2014.04.30"]
[EventType "team-swiss"]
[EventRounds "7"]
[EventCountry "ITA"]
[SourceTitle "CBM 160 Extra"]
[Source "ChessBase"]
[SourceDate "2014.07.01"]
[SourceVersion "1"]
[SourceVersionDate "2014.07.01"]
[SourceQuality "1"]
[WhiteTeam "Latina"]
[BlackTeam "Chieti"]
[WhiteTeamCountry "ITA"]
[BlackTeamCountry "ITA"]

1. d4 f5 2. Bg5 g6 3. e3 Bg7 4. c3 h6 5. Bh4 Nf6 6. f3 d6 7. Bc4 e6 8. Ne2 g5 9. Bf2 Qe7 10. Nd2 Nbd7 11. Qc2 d5 12. Bd3 c5 13. c4 0-0 14. 0-0 b5 15. b3 bxc4 16. bxc4 cxd4 17. exd4 dxc4 18. Nxc4 Nd5 19. a3 Ba6 20. Qa4 Bxc4 21. Qxc4 Qd6 22. Qa2 N7b6 23. Rac1 Kh8 24. Bb5 Rac8 25. a4 Nf4 26. Nxf4 gxf4 27. Qd2 Nd5 28. Kh1 Kh7 29. Bc4 Nb6 30. Bb3 Rcd8 31. a5 Nd5 32. Bxd5 Qxd5 33. Qxf4 Qxa5 34. Rc7 e5 35. Qc1 exd4 36. Re1 Rfe8 37. Rxg7+ Kxg7 38. Bxd4+ Kh7 39. Bc3 Rxe1+ 40. Qxe1 Qxc3 0-1

[Event "Reykjavik op 22nd"]
[Site "Reykjavik"]
[Date "2006.03.09"]
[Round "4"]
[White "Johnson, Ben"]
[Black "Marinelli, Tullio"]
[Result "0-1"]
[WhiteElo "2189"]
[BlackElo "2391"]
[PlyCount "90"]
[EventDate "2006.03.06"]
[EventType "swiss"]
[EventRounds "9"]
[EventCountry "ISL"]
[SourceTitle "CBM 111 Extra"]
[Source "ChessBase"]
[SourceDate "2006.05.09"]
[SourceVersion "1"]
[SourceVersionDate "2006.05.09"]
[SourceQuality "1"]

1. c4 e5 2. g3 Nf6 3. Bg2 d5 4. cxd5 Nxd5 5. Nc3 Nb6 6. Nf3 Nc6 7. Rb1 Bd6 8. 0-0 0-0 9. d4 Bf5 10. e4 Bg4 11. d5 Nd4 12. Qd3 Nxf3+ 13. Bxf3 Bxf3 14. Qxf3 Qd7 15. b3 f5 16. Qd3 f4 17. Rb2 Rf6 18. f3 fxg3 19. hxg3 Qh3 20. Rg2 Raf8 21. Qe2 Bb4 22. Nd1 c6 23. Nf2 Qh5 24. Ng4 Qxg4 25. fxg4 Rxf1+ 26. Qxf1 Bc5+ 27. Rf2 Rxf2 28. Qxf2 Bxf2+ 29. Kxf2 cxd5 30. exd5 Nxd5 31. Kf3 Kf7 32. Bd2 Ke6 33. a4 Nc7 34. g5 Kd5 35. g6 hxg6 36. Bc3 Ne6 37. Kg4 Nc5 38. Be1 Nxb3 39. Kg5 Nc5 40. a5 Nd3 41. Bd2 Kd4 42. Kxg6 e4 43. a6 bxa6 44. Kxg7 e3 45. Ba5 e2 0-1

[Event "Las Palmas op"]
[Site "Las Palmas"]
[Date "2005.11.30"]
[Round "7.17"]
[White "Barrantes Munoz, Hugo Pedro"]
[Black "Marinelli, Tullio"]
[Result "0-1"]
[WhiteElo "2166"]
[BlackElo "2391"]
[PlyCount "72"]
[EventDate "2005.11.25"]
[EventType "swiss"]
[EventRounds "9"]
[EventCountry "ESP"]
[SourceTitle "CBM 109 Extra"]
[Source "ChessBase"]
[SourceDate "2006.01.03"]
[SourceVersion "2"]
[SourceVersionDate "2006.01.03"]
[SourceQuality "1"]

1. d4 Nf6 2. Bg5 Ne4 3. Bf4 d5 4. e3 c6 5. Nd2 Qb6 6. Rb1 Bf5 7. Bd3 Nxd2 8. Qxd2 Bxd3 9. Qxd3 Qa5+ 10. c3 Qxa2 11. Ne2 Qa6 12. Qc2 Nd7 13. 0-0 e6 14. e4 dxe4 15. Qxe4 Be7 16. Rfe1 0-0 17. Qf3 Rfe8 18. Qg3 Bf6 19. Bg5 Bxg5 20. Qxg5 h6 21. Qg4 Rac8 22. Ra1 Qb6 23. b4 a6 24. Nf4 Nf6 25. Qf3 Qc7 26. Nd3 Ra8 27. g4 a5 28. h4 axb4 29. Rxa8 Rxa8 30. g5 Nd5 31. c4 Ne7 32. gxh6 gxh6 33. Qf6 Nf5 34. Re4 Qd8 35. Rg4+ Kf8 36. Qe5 Ra1+ 0-1

[Event "Las Palmas op"]
[Site "Las Palmas"]
[Date "2005.11.28"]
[Round "5.8"]
[White "Mellado Trivino, Juan"]
[Black "Marinelli, Tullio"]
[Result "1/2-1/2"]
[WhiteElo "2425"]
[BlackElo "2391"]
[PlyCount "49"]
[EventDate "2005.11.25"]
[EventType "swiss"]
[EventRounds "9"]
[EventCountry "ESP"]
[SourceTitle "CBM 109 Extra"]
[Source "ChessBase"]
[SourceDate "2006.01.03"]
[SourceVersion "2"]
[SourceVersionDate "2006.01.03"]
[SourceQuality "1"]

1. c4 e5 2. Nc3 Nf6 3. Nf3 Nc6 4. g3 d5 5. cxd5 Nxd5 6. Bg2 Nb6 7. 0-0 Be7 8. a3 0-0 9. d3 Be6 10. b4 a6 11. Ne4 f6 12. Be3 Qe8 13. Bc5 Rd8 14. Bxe7 Nxe7 15. Nc5 Bc8 16. Qb3+ Kh8 17. Rfd1 Nf5 18. Rac1 c6 19. e3 Nd6 20. h3 Qe7 21. a4 g5 22. e4 g4 23. hxg4 Bxg4 24. d4 Nd7 25. Qe3 1/2-1/2

[Event "Olympiad-32"]
[Site "Yerevan"]
[Date "1996.10.01"]
[Round "14.3"]
[White "Marinelli, Tullio"]
[Black "Konguvel, Ponnuswamy"]
[Result "1/2-1/2"]
[WhiteElo "2425"]
[BlackElo "2385"]
[PlyCount "78"]
[EventDate "1996.09.15"]
[EventType "team-swiss"]
[EventRounds "14"]
[EventCountry "ARM"]
[SourceTitle "CBM 055"]
[Source "ChessBase"]
[SourceDate "1996.12.01"]
[SourceVersion "1"]
[SourceVersionDate "1996.12.01"]
[SourceQuality "1"]
[WhiteTeam "Italy"]
[BlackTeam "India"]
[WhiteTeamCountry "ITA"]
[BlackTeamCountry "IND"]

1. d4 Nf6 2. c4 g6 3. Nc3 d5 4. Nf3 Bg7 5. Qb3 dxc4 6. Qxc4 0-0 7. e4 Bg4 8. Be3 Nfd7 9. Rd1 Nc6 10. Qb3 Nb6 11. d5 Ne5 12. Be2 Nxf3+ 13. gxf3 Bh5 14. a4 Qd7 15. a5 Nc8 16. h4 Nd6 17. Bd4 Bxd4 18. Rxd4 e5 19. dxe6 Qxe6 20. Qxe6 fxe6 21. e5 Nf5 22. Rc4 Rad8 23. Ne4 Nd4 24. Nf6+ Rxf6 25. exf6 Nxf3+ 26. Bxf3 Bxf3 27. 0-0 Be2 28. Rxc7 Bxf1 29. Kxf1 Rd5 30. Rg7+ Kf8 31. Rxb7 Rxa5 32. Rxh7 Rb5 33. Rxa7 Rxb2 34. Kg2 e5 35. Rg7 e4 36. Kf1 Rb1+ 37. Ke2 Rh1 38. Rh7 Rh3 39. Rg7 Rxh4 1/2-1/2

[Event "Olympiad-32"]
[Site "Yerevan"]
[Date "1996.09.24"]
[Round "8.2"]
[White "Marinelli, Tullio"]
[Black "Galdunts, Sergey"]
[Result "0-1"]
[WhiteElo "2425"]
[BlackElo "2465"]
[PlyCount "90"]
[EventDate "1996.09.15"]
[EventType "team-swiss"]
[EventRounds "14"]
[EventCountry "ARM"]
[SourceTitle "CBM 055"]
[Source "ChessBase"]
[SourceDate "1996.12.01"]
[SourceVersion "1"]
[SourceVersionDate "1996.12.01"]
[SourceQuality "1"]
[WhiteTeam "Italy"]
[BlackTeam "Armenia III"]
[WhiteTeamCountry "ITA"]
[BlackTeamCountry "ARM"]

1. d4 Nf6 2. c4 e6 3. Nc3 d5 4. Bg5 Be7 5. e3 h6 6. Bh4 0-0 7. Nf3 b6 8. Bxf6 Bxf6 9. cxd5 exd5 10. Be2 Be6 11. 0-0 c5 12. Rc1 Nc6 13. Qa4 cxd4 14. exd4 Qd6 15. Nb5 Qd7 16. Nc7 Nxd4 17. Qa6 Nxe2+ 18. Qxe2 Rac8 19. Nxe6 fxe6 20. b3 Rc5 21. Rcd1 Qc8 22. Rfe1 Rc2 23. Rd2 Rxd2 24. Nxd2 e5 25. Qd3 Rd8 26. f3 e4 27. Qe2 Bd4+ 28. Kh1 Qc2 29. fxe4 Bc3 30. Nf1 Qxe2 31. Rxe2 d4 32. Rc2 Bb4 33. Rc1 Rf8 34. Kg1 d3 35. Rd1 d2 36. a3 Bxa3 37. g3 Bc5+ 38. Kh1 Bb4 39. Kg2 a5 40. Ne3 Bc5 41. Nf5 Bb4 42. Nd4 Rc8 43. Kf1 Re8 44. Nc6 Bc3 45. e5 Re6 0-1

[Event "ITA-chT 28th"]
[Site "Italy"]
[Date "1996.??.??"]
[Round "5"]
[White "Marinelli, Tullio"]
[Black "Malloni, Marcello"]
[Result "0-1"]
[WhiteElo "2415"]
[BlackElo "2230"]
[PlyCount "94"]
[EventDate "1996.02.25"]
[EventType "team-swiss"]
[EventRounds "7"]
[EventCountry "ITA"]
[SourceTitle "EXT 2021"]
[Source "ChessBase"]
[SourceDate "2020.10.23"]
[SourceVersion "1"]
[SourceVersionDate "2020.10.23"]
[SourceQuality "1"]

1. d4 e6 2. c4 Nf6 3. Nc3 Bb4 4. Qc2 0-0 5. a3 Bxc3+ 6. Qxc3 b6 7. Bg5 Bb7 8. f3 d6 9. e4 c5 10. d5 Nbd7 11. Nh3 h6 12. Be3 exd5 13. cxd5 a6 14. 0-0-0 Re8 15. Kb1 Ne5 16. Bc1 Bc8 17. Nf2 Bd7 18. h3 a5 19. f4 Ng6 20. f5 Nxe4 21. Nxe4 Bxf5 22. Ka1 Bxe4 23. Bb5 Re5 24. Rhe1 Ra7 25. g4 Qh4 26. b3 Rae7 27. Bb2 Bg2 28. Re3 f6 29. Rg3 Nf4 30. Rg1 Bxd5 31. Qd2 Re4 32. Bd3 Nxd3 33. Qxd3 Bf7 34. Qxd6 Re1+ 35. Bc1 Qg5 36. Qd8+ Kh7 37. Qd3+ Bg6 38. Qc3 Rxg1 39. Rxg1 Qd5 40. Bb2 Re2 41. h4 Rc2 42. Qe3 a4 43. bxa4 Rd2 44. Qc3 Bf7 45. Kb1 Qa2+ 46. Kc1 Rd4 47. Qe3 Bg6 0-1

[Event "ITA-chT 28th"]
[Site "Italy"]
[Date "1996.??.??"]
[Round "4"]
[White "Marinelli, Tullio"]
[Black "Ortega, Lexy"]
[Result "1/2-1/2"]
[WhiteElo "2415"]
[BlackElo "2490"]
[PlyCount "81"]
[EventDate "1996.02.25"]
[EventType "team-swiss"]
[EventRounds "7"]
[EventCountry "ITA"]
[SourceTitle "EXT 2021"]
[Source "ChessBase"]
[SourceDate "2020.10.23"]
[SourceVersion "1"]
[SourceVersionDate "2020.10.23"]
[SourceQuality "1"]

1. d4 d5 2. c4 c6 3. Nf3 e6 4. e3 Nd7 5. Nbd2 f5 6. Bd3 Nh6 7. b3 Qf6 8. Bb2 Nc5 9. Qc2 Ne4 10. Ne5 Bb4 11. Bxe4 fxe4 12. Bc3 Bd6 13. f4 Nf5 14. Nf1 Bxe5 15. dxe5 Qh4+ 16. Qf2 h5 17. Qxh4 Nxh4 18. Kf2 b6 19. Ng3 Ba6 20. Rhd1 0-0-0 21. Rac1 Kb7 22. Bb2 Ng6 23. cxd5 cxd5 24. Ba3 h4 25. Ne2 Bxe2 26. Kxe2 Rc8 27. Rxc8 Rxc8 28. Rc1 Rxc1 29. Bxc1 Ne7 30. g4 hxg3 31. hxg3 Nf5 32. Kf2 Nh6 33. Kg2 Kc6 34. Kh3 d4 35. exd4 Nf5 36. g4 Nxd4 37. Kg2 Kd5 38. Kf2 g6 39. Be3 Nf3 40. a4 Nh2 41. Kg3 1/2-1/2

[Event "Vienna op"]
[Site "Vienna"]
[Date "1996.??.??"]
[Round "4"]
[White "Marinelli, Tullio"]
[Black "Van der Werf, Mark"]
[Result "0-1"]
[WhiteElo "2425"]
[BlackElo "2400"]
[PlyCount "88"]
[EventDate "1996.??.??"]
[EventType "swiss"]
[EventRounds "9"]
[EventCountry "AUT"]
[SourceTitle "CBM 053 Extra"]
[Source "ChessBase"]
[SourceDate "1996.09.01"]
[SourceVersion "1"]
[SourceVersionDate "1996.09.01"]
[SourceQuality "1"]

1. d4 d5 2. c4 e6 3. Nc3 c6 4. Nf3 dxc4 5. e3 b5 6. a4 Bb4 7. Bd2 a5 8. axb5 Bxc3 9. Bxc3 cxb5 10. b3 Bb7 11. bxc4 b4 12. Bb2 Nf6 13. Bd3 Nbd7 14. 0-0 0-0 15. Re1 Qc7 16. e4 e5 17. h3 h6 18. dxe5 Nh7 19. Re3 Nc5 20. Bc2 Rfd8 21. Qe1 Qe7 22. Nh2 Rd7 23. f4 Qd8 24. Nf3 b3 25. Bxb3 Qb6 26. Bd4 Rad8 27. Bxc5 Qxc5 28. Rxa5 Qc7 29. Qb4 Bc6 30. Qc5 Qb7 31. Ba4 Bxa4 32. Rxa4 Qb1+ 33. Re1 Rd1 34. Qe3 Nf8 35. Ra5 Rxe1+ 36. Nxe1 Rd1 37. Kf2 Qb2+ 38. Kg3 Qb4 39. Rb5 Rxe1 40. Qd3 Qa4 41. Rb8 Rd1 42. Qe3 Qxc4 43. Kh2 Qf1 44. f5 Rd3 0-1

[Event "Linares zt"]
[Site "Linares"]
[Date "1995.??.??"]
[Round "6"]
[White "Cacho Reigadas, Sergio"]
[Black "Marinelli, Tullio"]
[Result "1-0"]
[WhiteElo "2400"]
[BlackElo "2440"]
[PlyCount "97"]
[EventDate "1995.11.??"]
[EventType "swiss"]
[EventRounds "11"]
[EventCountry "ESP"]
[SourceTitle "CBM 051"]
[Source "ChessBase"]
[SourceDate "1996.04.01"]
[SourceVersion "1"]
[SourceVersionDate "1996.04.01"]
[SourceQuality "1"]

1. d4 Nf6 2. c4 e6 3. Nc3 Bb4 4. Qc2 d5 5. cxd5 exd5 6. Bg5 c5 7. a3 cxd4 8. axb4 dxc3 9. Qxc3 Nbd7 10. Qd4 h6 11. Bh4 0-0 12. e3 Re8 13. Bxf6 Qxf6 14. Qxf6 Nxf6 15. Nf3 Re6 16. Nd4 Rb6 17. b5 a6 18. f3 Nd7 19. Kd2 Nc5 20. b4 Ne6 21. Nc2 Bd7 22. bxa6 bxa6 23. Ra5 Nd8 24. Bd3 Nc6 25. Rxd5 Be6 26. Rd6 Rab8 27. Rb1 Kf8 28. Be4 Ne5 29. Rxb6 Rxb6 30. Nd4 Nc4+ 31. Ke2 Bd7 32. Bd3 Ne5 33. Kd2 Nc6 34. Nxc6 Bxc6 35. Kc3 Ke7 36. Ra1 Bb7 37. Ra5 Rc6+ 38. Kd4 Rd6+ 39. Kc4 Re6 40. Rc5 Kd6 41. Kd4 Re8 42. e4 f6 43. Bc4 Rb8 44. Kc3 g5 45. Rf5 Ke7 46. e5 Rf8 47. exf6+ Rxf6 48. Rxf6 Kxf6 49. Kd4 1-0

[Event "Formia op"]
[Site "Formia"]
[Date "1995.??.??"]
[Round "?"]
[White "Grosar, Aljosa"]
[Black "Marinelli, Tullio"]
[Result "1-0"]
[WhiteElo "2475"]
[BlackElo "2425"]
[PlyCount "65"]
[EventDate "1995.07.??"]
[EventType "swiss"]
[EventRounds "9"]
[EventCountry "ITA"]
[SourceTitle "EXT 1997"]
[Source "ChessBase"]
[SourceDate "1996.11.15"]
[SourceVersion "1"]
[SourceVersionDate "1996.11.15"]
[SourceQuality "1"]

1. e4 c5 2. c3 d6 3. d4 Nf6 4. Bd3 g6 5. Nf3 Bg7 6. h3 0-0 7. Qe2 cxd4 8. cxd4 e5 9. dxe5 dxe5 10. 0-0 Nc6 11. Rd1 Qe7 12. Bc4 Be6 13. Nc3 Qc5 14. Bxe6 fxe6 15. Be3 Qe7 16. Qb5 a6 17. Qb6 Rfc8 18. Bc5 Qe8 19. Bd6 Nd7 20. Qxb7 Nd4 21. Nxd4 exd4 22. Ne2 e5 23. Rac1 h6 24. Rxc8 Rxc8 25. Nc1 Kh7 26. Nd3 Rc2 27. Qxa6 Qe6 28. Qa4 Rc8 29. Bb4 Nb6 30. Qb5 Nd7 31. Rc1 Rb8 32. Qc6 Qe8 33. a4 1-0

[Event "ITA-ch"]
[Site "Verona"]
[Date "1995.??.??"]
[Round "8"]
[White "Marinelli, Tullio"]
[Black "Arlandi, Ennio"]
[Result "1-0"]
[WhiteElo "2440"]
[BlackElo "2455"]
[PlyCount "91"]
[EventDate "1995.??.??"]
[EventType "tourn"]
[EventRounds "9"]
[EventCountry "ITA"]
[EventCategory "5"]
[SourceTitle "EXT 1998"]
[Source "ChessBase"]
[SourceDate "1997.11.17"]
[SourceVersion "1"]
[SourceVersionDate "1997.11.17"]
[SourceQuality "1"]

1. d4 Nf6 2. c4 e6 3. Nc3 Bb4 4. Qc2 0-0 5. a3 Bxc3+ 6. Qxc3 b6 7. Bg5 c5 8. dxc5 bxc5 9. e3 d6 10. f3 Nbd7 11. Nh3 Qb6 12. Be2 Rb8 13. Rb1 d5 14. 0-0 d4 15. Qd2 a5 16. b3 e5 17. Nf2 h6 18. Bh4 g5 19. Bg3 Nh5 20. exd4 cxd4 21. b4 axb4 22. axb4 f5 23. c5 Qg6 24. Bc4+ Kh8 25. Nd3 Nxg3 26. hxg3 Qg7 27. Rfe1 Bb7 28. Nf2 Rfe8 29. Bd3 Qf6 30. Qc2 Rf8 31. g4 e4 32. fxe4 f4 33. b5 Ne5 34. c6 Bc8 35. Rec1 f3 36. g3 Nxg4 37. Nxg4 Bxg4 38. Kf2 h5 39. b6 h4 40. Rg1 Rfc8 41. e5 Qxe5 42. Be4 Qd6 43. Rb5 hxg3+ 44. Rxg3 Qf4 45. Qd3 Rxc6 46. Bxc6 1-0

[Event "Mitropa Cup 16th"]
[Site "Buekfuerdo"]
[Date "1995.??.??"]
[Round "7"]
[White "Marinelli, Tullio"]
[Black "Grosar, Aljosa"]
[Result "1-0"]
[WhiteElo "2425"]
[BlackElo "2475"]
[PlyCount "91"]
[EventDate "1995.02.27"]
[EventType "team-tourn"]
[EventRounds "9"]
[EventCountry "HUN"]
[SourceTitle "CBM 046 Extra"]
[Source "ChessBase"]
[SourceDate "1995.07.01"]
[SourceVersion "1"]
[SourceVersionDate "1995.07.01"]
[SourceQuality "1"]

1. d4 Nf6 2. c4 e6 3. Nc3 Bb4 4. e3 b6 5. Nge2 c5 6. a3 Ba5 7. g3 Bb7 8. d5 b5 9. Bg2 bxc4 10. 0-0 0-0 11. e4 d6 12. h3 exd5 13. exd5 Nbd7 14. Bf4 Re8 15. Bxd6 Nb6 16. Bxc5 Nbxd5 17. Nb5 Bc7 18. Rc1 Be5 19. Rxc4 Qd7 20. a4 Ba6 21. Ned4 Rac8 22. Qc1 h5 23. h4 Rxc5 24. Rxc5 Bxd4 25. Nxd4 Bxf1 26. Bxf1 Qxa4 27. Nf5 Qb4 28. Qg5 g6 29. Rb5 Qe1 30. Rb7 Ng4 31. Nh6+ Nxh6 32. Qxd5 Qc1 33. Kg2 Qe1 34. Bd3 Kg7 35. Rxa7 Re6 36. Qd4+ Kh7 37. b4 Re7 38. Rxe7 Qxe7 39. b5 Qb7+ 40. Kg1 Ng4 41. b6 f5 42. Bc4 Qe7 43. Bd5 Qe1+ 44. Kg2 f4 45. Qxf4 g5 46. Qf5+ 1-0

[Event "Mitropa Cup 16th"]
[Site "Buekfuerdo"]
[Date "1995.??.??"]
[Round "4"]
[White "Marinelli, Tullio"]
[Black "Gross, David"]
[Result "1-0"]
[WhiteElo "2425"]
[BlackElo "2425"]
[PlyCount "79"]
[EventDate "1995.02.27"]
[EventType "team-tourn"]
[EventRounds "9"]
[EventCountry "HUN"]
[SourceTitle "CBM 046 Extra"]
[Source "ChessBase"]
[SourceDate "1995.07.01"]
[SourceVersion "1"]
[SourceVersionDate "1995.07.01"]
[SourceQuality "1"]

1. d4 Nf6 2. c4 g6 3. Nc3 Bg7 4. e4 d6 5. f3 0-0 6. Be3 c5 7. Nge2 Nc6 8. Qd2 a6 9. Rd1 cxd4 10. Nxd4 Bd7 11. Be2 Qc7 12. 0-0 Ne5 13. b3 Rfc8 14. Bg5 Bc6 15. Kh1 Ned7 16. Rfe1 Rab8 17. Bf1 Qa5 18. f4 h6 19. Bh4 Qh5 20. Bg3 Nc5 21. Nxc6 bxc6 22. h3 Nh7 23. e5 Qf5 24. Bf2 Ne6 25. Be3 Nc7 26. g4 Qe6 27. Bd3 dxe5 28. f5 Qf6 29. Ne4 Qh4 30. Qg2 Ng5 31. Nxg5 hxg5 32. fxg6 fxg6 33. Bxg6 Qh6 34. Bf5 Rd8 35. Rxd8+ Rxd8 36. Bb6 Qd6 37. c5 Qd2 38. Qxd2 Rxd2 39. Bxc7 Rxa2 40. Bxe5 1-0

[Event "ITA-ch"]
[Site "Verona"]
[Date "1995.??.??"]
[Round "2"]
[White "Marinelli, Tullio"]
[Black "Martorelli, Antonio"]
[Result "1-0"]
[WhiteElo "2440"]
[BlackElo "2320"]
[PlyCount "91"]
[EventDate "1995.??.??"]
[EventType "tourn"]
[EventRounds "9"]
[EventCountry "ITA"]
[EventCategory "5"]
[SourceTitle "EXT 1998"]
[Source "ChessBase"]
[SourceDate "1997.11.17"]
[SourceVersion "1"]
[SourceVersionDate "1997.11.17"]
[SourceQuality "1"]

1. d4 d5 2. c4 c6 3. Nf3 e6 4. e3 Nf6 5. Nbd2 Nbd7 6. Bd3 Be7 7. 0-0 0-0 8. e4 dxe4 9. Nxe4 Nxe4 10. Bxe4 c5 11. Be3 Nf6 12. Bc2 b6 13. dxc5 bxc5 14. Qxd8 Rxd8 15. Ne5 Bb7 16. f3 Nd7 17. Nxd7 Rxd7 18. Rad1 Rad8 19. Rxd7 Rxd7 20. Ba4 Rd8 21. Rf2 f5 22. Kf1 g5 23. Rd2 Rxd2 24. Bxd2 Kf7 25. Be3 a6 26. Bd7 Kf6 27. h3 Ke5 28. Ke2 Kd6 29. Be8 Bf6 30. b3 e5 31. g4 f4 32. Bd2 e4 33. fxe4 Bxe4 34. a3 f3+ 35. Kf2 a5 36. Bf7 h6 37. Bd5 Bd4+ 38. Be3 Bxe3+ 39. Kxe3 Bxd5 40. cxd5 a4 41. bxa4 Kxd5 42. Kxf3 Kc4 43. a5 Kb5 44. Ke4 Kxa5 45. Kd3 Kb5 46. Kc3 1-0